| 000 | 00538nam a2200157 i 4500 | ||
|---|---|---|---|
| 001 | 61358 | ||
| 003 | ES-MaACL | ||
| 007 | t| | ||
| 008 | 031111s1972 sp ||||1| baq d | ||
| 245 | 0 | 0 |
_aEuskera _b: euskaltzaindiaren lan eta agiriak : trabajo y actas de la Academia de la Lengua Vasca / _czuzendaritzaren buru, A. Luis Villasante. |
| 260 |
_aBilbao : _b[s.n., _c1972 ] ( _fGráf. Ellacuria) |
||
| 300 |
_a291 p. ; _c22 cm. |
||
| 500 | _aEs el Nº 17. | ||
| 700 | 1 |
_aVillasante, A. Luis. _9115151 |
|
| 852 |
_aES-MaACL _jE-5585 _bR.89983 |
||
| 999 |
_c61358 _d61358 |
||